| 000 | 01015nam a22002657a 4500 | ||
|---|---|---|---|
| 003 | OSt | ||
| 005 | 20260428095313.0 | ||
| 008 | 260428b |||||||| |||| 00| 0 eng d | ||
| 010 | _a2112036878 | ||
| 020 |
_a978-1-59184-573-7 _q(hardback) |
||
| 040 |
_beng _cportfolio penguin |
||
| 050 |
_aHG 172 _b .B84 2012 |
||
| 100 |
_aLoomis, Carol J., _eeditor. |
||
| 245 |
_aTap dancing to work : _bWarren Buffett on practically everything, 1966-2012 : a Fortune magazine book / _ccollected and expanded by Carol Loomis. |
||
| 250 | _a1st ed. | ||
| 260 |
_aNew York : _bPortfolio/Penguin, _c2012. |
||
| 300 |
_axvii, 345 p., [8] p. of plates : _billustrations ; _c24 cm |
||
| 500 | _aIncludes index. | ||
| 520 | _aCollection of articles from Fortune magazine (1966–2012) about Warren Buffett, with commentary by Carol Loomis. | ||
| 600 |
_aBuffett, Warren, _d1930- |
||
| 650 |
_aCapitalists and financiers _zUnited States. |
||
| 650 | _aInvestments. | ||
| 700 | _aFortune (Magazine) | ||
| 942 |
_2lcc _cBK _e1st ed. _n0 |
||
| 999 |
_c10101 _d10101 |
||